[Event "España tch División de Honor 2013"]
[Site "Linares ESP"]
[Date "2013.09.09"]
[Round "2.46"]
[White "Oms Pallisse, Josep"]
[Black "De la Villa Garcia, Jesus Maria"]
[Result "1/2-1/2"]
[WhiteElo "2475"]
[BlackElo "2477"]
[PlyCount "117"]
[EventDate "2013.09.08"]
[EventType "team-tourn"]
[EventRounds "7"]
[EventCountry "ESP"]
[Source "lmi"]
[SourceDate "2013.09.08"]

1. d4 d5 2. c4 e6 3. Nc3 Nf6 4. cxd5 exd5 5. Bg5 c6 6. Qc2 Be7 7. e3 Nbd7 8.
Bd3 O-O 9. Nf3 Re8 10. h3 Nf8 11. Bf4 Bd6 12. Bxd6 Qxd6 13. O-O-O Be6 14. Kb1
Rac8 15. Rc1 Qe7 16. a3 N6d7 17. Rhe1 Qd8 18. Ne2 a5 19. Nf4 b5 20. Nxe6 fxe6
21. e4 Nb6 22. Ne5 Nc4 23. f4 Qb6 24. Qf2 Nxe5 25. fxe5 b4 26. a4 b3 27. exd5
exd5 28. Qd2 g6 29. Be2 Ne6 30. Bg4 c5 31. dxc5 Rxc5 32. Rxc5 Nxc5 33. Qxd5+
Kh8 34. Rc1 h5 35. Bf3 Ne6 36. Qd6 Qf2 37. Qd7 Ng7 38. Qf7 Qg3 39. e6 Rxe6 40.
Rc8+ Kh7 41. Qg8+ Kh6 42. Qh8+ Kg5 43. Qd8+ Kh6 44. Qxa5 Re1+ 45. Rc1 Rxc1+ 46.
Kxc1 Nf5 47. Qd2+ Kh7 48. a5 Qc7+ 49. Kd1 Qc5 50. Qc3 Qg1+ 51. Kd2 Qf2+ 52. Kd3
Qf1+ 53. Kd2 Qf2+ 54. Kd3 Qf1+ 55. Ke4 Qb5 56. Kf4 Qb8+ 57. Ke4 Qb5 58. Kf4
Qb8+ 59. Ke4 1/2-1/2

[Event "España tch División de Honor 2013"]
[Site "Linares ESP"]
[Date "2013.09.10"]
[Round "3.11"]
[White "Navara, David"]
[Black "Spraggett, Kevin"]
[Result "1-0"]
[WhiteElo "2715"]
[BlackElo "2568"]
[PlyCount "105"]
[EventDate "2013.09.08"]
[EventType "team-tourn"]
[EventRounds "7"]
[EventCountry "ESP"]
[Source "lmi"]
[SourceDate "2013.09.08"]

1. e4 c5 2. Nf3 e6 3. d4 cxd4 4. Nxd4 Nc6 5. Nc3 Qc7 6. Be2 Nf6 7. O-O Be7 8.
Be3 O-O 9. f4 d6 10. a4 Bd7 11. Ndb5 Qb8 12. g4 a6 13. Na3 Be8 14. Nc4 Nd7 15.
a5 Qc7 16. Na4 Rd8 17. g5 Nc5 18. Qe1 d5 19. Bxc5 Bxc5+ 20. Nxc5 dxc4 21. Bxc4
Nd4 22. b4 Nxc2 23. Qc3 Nd4 24. Rad1 e5 25. Kh1 Bc6 26. f5 Kh8 27. f6 g6 28.
Rd3 Nb5 29. Rxd8 Rxd8 30. Qh3 Bxe4+ 31. Kg1 Bc6 32. Ne6 Qd7 33. Nxd8 Qxh3 34.
Nxf7+ Kg8 35. Nd8+ Kf8 36. Ne6+ Ke8 37. f7+ Kd7 38. Nc5+ Kc7 39. Ne6+ Kd7 40.
Nf8+ Kd6 41. Rf6+ Kc7 42. Ne6+ Kd7 43. Nc5+ Kc7 44. Rxc6+ Kxc6 45. f8=Q Qg4+
46. Kf2 Qh4+ 47. Ke3 Qd4+ 48. Kf3 Qd1+ 49. Kg3 Qg1+ 50. Kh3 Nd6 51. Qf3+ Kc7
52. Bf1 e4 53. Qf4 1-0

[Event "España tch División de Honor 2013"]
[Site "Linares ESP"]
[Date "2013.09.10"]
[Round "3.13"]
[White "Magem Badals, Jordi"]
[Black "Cruz, Cristhian"]
[Result "1/2-1/2"]
[WhiteElo "2551"]
[BlackElo "2529"]
[PlyCount "70"]
[EventDate "2013.09.08"]
[EventType "team-tourn"]
[EventRounds "7"]
[EventCountry "ESP"]
[Source "lmi"]
[SourceDate "2013.09.08"]

1. e4 c5 2. Nf3 d6 3. d4 cxd4 4. Nxd4 Nf6 5. Nc3 a6 6. h3 e6 7. g4 Be7 8. Bg2
Nfd7 9. Be3 O-O 10. O-O Nc6 11. Nde2 b5 12. a3 Bb7 13. f4 Re8 14. g5 Rc8 15. h4
Nb6 16. b3 Bf8 17. Bf2 d5 18. exd5 exd5 19. Ng3 b4 20. Nxd5 Nxd5 21. Bxd5 bxa3
22. b4 Qc7 23. Qf3 Rcd8 24. c4 Rxd5 25. cxd5 Nxb4 26. Rxa3 Nxd5 27. Rb3 Ba8 28.
Bd4 a5 29. Qf2 a4 30. Rf3 a3 31. h5 a2 32. Qxa2 Nb4 33. Qf2 Bxf3 34. Qxf3 Qc4
35. Qc3 Qxc3 1/2-1/2

[Event "España tch División de Honor 2013"]
[Site "Linares ESP"]
[Date "2013.09.10"]
[Round "3.14"]
[White "Libiszewski, Fabien"]
[Black "Lopez Martinez, Josep Manuel"]
[Result "0-1"]
[WhiteElo "2520"]
[BlackElo "2543"]
[PlyCount "107"]
[EventDate "2013.09.08"]
[EventType "team-tourn"]
[EventRounds "7"]
[EventCountry "ESP"]
[Source "lmi"]
[SourceDate "2013.09.08"]

1. e4 e5 2. Nf3 Nc6 3. Bb5 a6 4. Ba4 Nf6 5. O-O Be7 6. Re1 b5 7. Bb3 d6 8. c3
O-O 9. d4 Bg4 10. d5 Na5 11. Bc2 c6 12. h3 Bc8 13. dxc6 Qc7 14. Nbd2 Qxc6 15.
Nf1 Be6 16. Ng3 Rfe8 17. Nh4 Bf8 18. Nhf5 Nc4 19. Nh5 Nxh5 20. Qxh5 Qc7 21. Rd1
f6 22. Qf3 Red8 23. Bb3 Qf7 24. Ne3 Rab8 25. Nd5 Rdc8 26. a4 bxa4 27. Bxc4 Rxc4
28. Qe2 Bxd5 29. Rxd5 Qc7 30. Ra5 Qc6 31. Qd3 Qxe4 32. Qxe4 Rxe4 33. Rxa6 Re1+
34. Kh2 d5 35. R6xa4 Bc5 36. f3 h5 37. Kg3 Re2 38. h4 Bf2+ 39. Kh3 Re1 40. g4
hxg4+ 41. fxg4 Kh7 42. b4 Rc8 43. R4a3 Rc4 44. Bd2 Re2 45. Rd1 f5 46. gxf5
Rxh4+ 47. Kg2 Bb6+ 48. Kg3 Rhh2 49. Bc1 Reg2+ 50. Kf3 e4+ 51. Kf4 Bc7+ 52. Ke3
Be5 53. Ra1 Rh1 54. Rxh1+ 0-1

[Event "España tch División de Honor 2013"]
[Site "Linares ESP"]
[Date "2013.09.10"]
[Round "3.15"]
[White "Alonso Rosell, Alvar"]
[Black "Gual Pascual, Antonio"]
[Result "1-0"]
[WhiteElo "2542"]
[BlackElo "2468"]
[PlyCount "89"]
[EventDate "2013.09.08"]
[EventType "team-tourn"]
[EventRounds "7"]
[EventCountry "ESP"]
[Source "lmi"]
[SourceDate "2013.09.08"]

1. Nf3 g6 2. d4 Bg7 3. c4 d6 4. e4 Nf6 5. Nc3 O-O 6. h3 e5 7. d5 a5 8. Bg5 Na6
9. Nd2 Qe8 10. Be2 Nd7 11. a3 Nb6 12. b3 Bd7 13. Be3 Nc5 14. Nb5 Bxb5 15. cxb5
f5 16. Qc2 Qe7 17. O-O Ncd7 18. Rfc1 Rac8 19. a4 Kh8 20. b4 axb4 21. a5 Na8 22.
Nf3 Nf6 23. Bg5 Qf7 24. Bxf6 Qxf6 25. Rab1 c5 26. dxc6 bxc6 27. b6 Nxb6 28.
axb6 c5 29. Bc4 Rb8 30. Bb3 Bh6 31. Rd1 Rxb6 32. Ra1 fxe4 33. Qxe4 Qf4 34. Qxf4
Bxf4 35. Ra7 e4 36. Re1 d5 37. Bxd5 b3 38. Bxe4 Re8 39. Rd1 Bb8 40. Rf7 Rd6 41.
Rxd6 Bxd6 42. Ng5 Re7 43. Rxe7 Bxe7 44. Nf3 Kg7 45. Nd2 1-0

[Event "España tch División de Honor 2013"]
[Site "Linares ESP"]
[Date "2013.09.10"]
[Round "3.16"]
[White "Bofill Mas, Alejandro"]
[Black "Oms Pallisse, Josep"]
[Result "1/2-1/2"]
[WhiteElo "2353"]
[BlackElo "2475"]
[PlyCount "83"]
[EventDate "2013.09.08"]
[EventType "team-tourn"]
[EventRounds "7"]
[EventCountry "ESP"]
[Source "lmi"]
[SourceDate "2013.09.08"]

1. c4 Nf6 2. g3 e6 3. Bg2 d5 4. Nf3 d4 5. O-O c5 6. e3 Nc6 7. exd4 cxd4 8. Re1
Bd6 9. d3 O-O 10. Na3 e5 11. c5 Bc7 12. Nc4 Re8 13. Bg5 h6 14. Bxf6 Qxf6 15.
Nfd2 Bf5 16. Ne4 Bxe4 17. Bxe4 Qe7 18. Bxc6 bxc6 19. b4 Qe6 20. f4 Qd5 21. fxe5
a5 22. a3 axb4 23. axb4 Rxa1 24. Qxa1 Bxe5 25. Re4 f6 26. Qe1 Kh7 27. Qf2 Qe6
28. Nd6 Rb8 29. Qb2 Qd7 30. Nc4 Qf5 31. Kg2 Qh5 32. Na5 Qe8 33. Qb3 Qd7 34. Qa4
Rb5 35. Nc4 Qb7 36. Nxe5 fxe5 37. Rxe5 Rxb4 38. Qd1 Rb2+ 39. Re2 Rb1 40. Qc2
Rb4 41. Rf2 Qe7 42. Qe2 1/2-1/2

[Event "España tch División de Honor 2013"]
[Site "Linares ESP"]
[Date "2013.09.10"]
[Round "3.21"]
[White "Bruzon Batista, Lazaro"]
[Black "Nisipeanu, Liviu-Dieter"]
[Result "1/2-1/2"]
[WhiteElo "2699"]
[BlackElo "2665"]
[PlyCount "62"]
[EventDate "2013.09.08"]
[EventType "team-tourn"]
[EventRounds "7"]
[EventCountry "ESP"]
[Source "lmi"]
[SourceDate "2013.09.08"]

1. c4 e6 2. Nf3 Nf6 3. g3 b6 4. Bg2 Bb7 5. d4 Bb4+ 6. Bd2 a5 7. O-O O-O 8. Bg5
Be7 9. Qc2 h6 10. Bxf6 Bxf6 11. Nc3 d5 12. Rfd1 Na6 13. a3 Qe7 14. cxd5 exd5
15. Rac1 Rfd8 16. Qb3 Rd6 17. Ne1 Rad8 18. e3 c5 19. Nb5 Re6 20. Bh3 Rc6 21.
Na7 Rcd6 22. Nb5 Rc6 23. Ng2 c4 24. Qc2 Nc7 25. Nxc7 Rxc7 26. a4 Qb4 27. Nf4
Bc6 28. Ra1 b5 29. axb5 Qxb5 30. Bg2 Rb7 31. Rd2 Be7 1/2-1/2

[Event "España tch División de Honor 2013"]
[Site "Linares ESP"]
[Date "2013.09.10"]
[Round "3.22"]
[White "Negi, Parimarjan"]
[Black "Iturrizaga, Eduardo"]
[Result "1/2-1/2"]
[WhiteElo "2662"]
[BlackElo "2661"]
[PlyCount "76"]
[EventDate "2013.09.08"]
[EventType "team-tourn"]
[EventRounds "7"]
[EventCountry "ESP"]
[Source "lmi"]
[SourceDate "2013.09.08"]

1. e4 c5 2. Nf3 e6 3. d4 cxd4 4. Nxd4 Nc6 5. Nc3 Qc7 6. g3 a6 7. Bg2 Nf6 8. O-O
h5 9. h3 Bc5 10. Nxc6 bxc6 11. Na4 Ba7 12. Bf4 e5 13. Bg5 d6 14. Qf3 Nd7 15.
Rad1 h4 16. Be3 Bxe3 17. fxe3 Nf6 18. g4 Be6 19. Qf2 Nd7 20. b3 Nc5 21. Nxc5
dxc5 22. Qe1 a5 23. Qc3 c4 24. bxc4 O-O 25. c5 Bxa2 26. Rd6 Rfe8 27. Ra1 Be6
28. Qxe5 a4 29. Qd4 a3 30. e5 Ra6 31. Bf1 Ra5 32. Bd3 a2 33. Qe4 g6 34. Qxc6
Qxc6 35. Rxc6 Bd5 36. Rd6 Rxe5 37. c6 Rc5 38. Kf2 Re6 1/2-1/2

[Event "España tch División de Honor 2013"]
[Site "Linares ESP"]
[Date "2013.09.10"]
[Round "3.23"]
[White "Hansen, Eric"]
[Black "Ganguly, Surya Shekhar"]
[Result "0-1"]
[WhiteElo "2584"]
[BlackElo "2630"]
[PlyCount "74"]
[EventDate "2013.09.08"]
[EventType "team-tourn"]
[EventRounds "7"]
[EventCountry "ESP"]
[Source "lmi"]
[SourceDate "2013.09.08"]

1. e4 c5 2. Nf3 e6 3. g3 Nc6 4. Bg2 Nf6 5. Qe2 d6 6. O-O Be7 7. c3 O-O 8. d4 d5
9. e5 Nd7 10. Be3 a5 11. a4 b6 12. Rc1 Ba6 13. Qd1 f6 14. exf6 Nxf6 15. Ne5
Nxe5 16. dxe5 Ne8 17. f4 Nc7 18. h4 Qe8 19. Kh2 Rd8 20. Nd2 Qg6 21. Qf3 h6 22.
b4 axb4 23. cxb4 d4 24. Bf2 Nd5 25. b5 Bb7 26. h5 Qf5 27. Kg1 Ba8 28. Ne4 Nc3
29. Rxc3 dxc3 30. Rc1 Rd2 31. Qxc3 Re2 32. Nd2 Bxg2 33. Kxg2 Rd8 34. Nf3 Qe4
35. Qc4 Qxc4 36. Rxc4 Ra2 37. g4 Ra8 0-1

[Event "España tch División de Honor 2013"]
[Site "Linares ESP"]
[Date "2013.09.10"]
[Round "3.24"]
[White "Delchev, Aleksander"]
[Black "Arizmendi Martinez, Julen Luis"]
[Result "1-0"]
[WhiteElo "2637"]
[BlackElo "2564"]
[PlyCount "121"]
[EventDate "2013.09.08"]
[EventType "team-tourn"]
[EventRounds "7"]
[EventCountry "ESP"]
[Source "lmi"]
[SourceDate "2013.09.08"]

1. d4 Nf6 2. c4 e6 3. Nc3 Bb4 4. e3 O-O 5. Nge2 c6 6. a3 Ba5 7. b4 Bc7 8. Ng3
d5 9. f4 Qe7 10. c5 e5 11. dxe5 Ng4 12. Be2 Qh4 13. Bxg4 Bxg4 14. Qd4 f6 15.
exf6 Rxf6 16. Bb2 Nd7 17. O-O Raf8 18. Nce2 Rg6 19. Rf2 Nf6 20. Qd2 Bxe2 21.
Rxe2 Ng4 22. Nf1 Re6 23. h3 Nh6 24. Rf2 Nf5 25. g4 Ng3 26. Rf3 Nxf1 27. Raxf1
Re4 28. Bd4 Qe7 29. R1f2 Rf7 30. Kg2 Qd7 31. Qc3 Bd8 32. g5 Qf5 33. Rg3 Re6 34.
Qc2 Re4 35. Qd1 b6 36. Qg4 bxc5 37. bxc5 Qxg4 38. Rxg4 Rb7 39. Kf3 Rb3 40. f5
Bxg5 41. Rxe4 dxe4+ 42. Kxe4 Bf6 43. Rd2 Rxa3 44. Rb2 h5 45. Rb8+ Kf7 46. Rc8
Ra6 47. Rc7+ Ke8 48. Bxf6 gxf6 49. Kf4 Kf8 50. Rd7 Ra4+ 51. e4 Ra3 52. Rd6 Kf7
53. Rxc6 Rxh3 54. Rc7+ Ke8 55. c6 Rc3 56. e5 Rc4+ 57. Ke3 h4 58. exf6 h3 59.
Kf2 Rc2+ 60. Kg1 Kf8 61. Rc8+ 1-0

[Event "España tch División de Honor 2013"]
[Site "Linares ESP"]
[Date "2013.09.10"]
[Round "3.25"]
[White "Castellanos Rodriguez, Renier"]
[Black "Ubilava, Elizbar"]
[Result "1/2-1/2"]
[WhiteElo "2509"]
[BlackElo "2498"]
[PlyCount "86"]
[EventDate "2013.09.08"]
[EventType "team-tourn"]
[EventRounds "7"]
[EventCountry "ESP"]
[Source "lmi"]
[SourceDate "2013.09.08"]

1. e4 e5 2. Nf3 Nc6 3. Bb5 a6 4. Ba4 Nf6 5. d3 d6 6. c3 g6 7. O-O Bg7 8. Re1
O-O 9. Nbd2 b5 10. Bc2 Bb7 11. h3 Re8 12. Nb3 a5 13. a4 b4 14. Bd2 Nd7 15. d4
exd4 16. cxd4 Ncb8 17. Bg5 Nf6 18. e5 dxe5 19. Nc5 Bc6 20. dxe5 Qxd1 21. Raxd1
Nfd7 22. Nxd7 Bxd7 23. Bb3 Be6 24. Bxe6 fxe6 25. Rc1 Rc8 26. Nd4 Ra6 27. Nb5 c5
28. b3 Nd7 29. Nd6 Rcc6 30. Nc4 Nb6 31. Nxb6 Raxb6 32. Be3 Bf8 33. Red1 Rb8 34.
Rc4 Rc7 35. Kf1 Kf7 36. Ke2 Ke8 37. Rdc1 Rbc8 38. g4 Be7 39. R1c2 Kf7 40. f4
Ke8 41. Rc1 Kf7 42. R1c2 Ke8 43. Rc1 Kf7 1/2-1/2

[Event "España tch División de Honor 2013"]
[Site "Linares ESP"]
[Date "2013.09.10"]
[Round "3.26"]
[White "De la Villa Garcia, Jesus Maria"]
[Black "Gonzalez De La Nava, Amador"]
[Result "1-0"]
[WhiteElo "2477"]
[BlackElo "2262"]
[PlyCount "73"]
[EventDate "2013.09.08"]
[EventType "team-tourn"]
[EventRounds "7"]
[EventCountry "ESP"]
[Source "lmi"]
[SourceDate "2013.09.08"]

1. e4 e5 2. Nf3 Nf6 3. d4 exd4 4. e5 Ne4 5. Qxd4 d5 6. exd6 Nxd6 7. Nc3 Nc6 8.
Qa4 Bd7 9. Bf4 Be7 10. O-O-O O-O 11. Nd5 Be6 12. Bb5 Bxd5 13. Rxd5 Qc8 14. Bxc6
bxc6 15. Qxc6 Rb8 16. Re1 Qg4 17. Be5 Nc4 18. Rd4 Bg5+ 19. Kb1 Nxe5 20. Rxg4
Nxc6 21. Rxg5 Rbd8 22. Rc5 Rd6 23. b3 h6 24. Re4 Rb8 25. Rec4 Rb6 26. h4 g6 27.
a4 a5 28. Ne5 Nxe5 29. Rxe5 Rd1+ 30. Kb2 Rf6 31. f3 Rd2 32. Rxa5 Rxg2 33. Ra8+
Kg7 34. a5 Rd2 35. a6 c5 36. a7 Ra6 37. Ra4 1-0

[Event "España tch División de Honor 2013"]
[Site "Linares ESP"]
[Date "2013.09.10"]
[Round "3.31"]
[White "Dominguez Perez, Leinier"]
[Black "Anton Guijarro, David"]
[Result "1-0"]
[WhiteElo "2757"]
[BlackElo "2574"]
[PlyCount "121"]
[EventDate "2013.09.08"]
[EventType "team-tourn"]
[EventRounds "7"]
[EventCountry "ESP"]
[Source "lmi"]
[SourceDate "2013.09.08"]

1. e4 g6 2. d4 Bg7 3. Nc3 c6 4. f4 d5 5. e5 Nh6 6. Be3 f6 7. Qd2 O-O 8. O-O-O
fxe5 9. fxe5 Ng4 10. Nf3 Nxe3 11. Qxe3 Bg4 12. Be2 e6 13. Kb1 Nd7 14. Ng5 Bxe2
15. Nxe2 Bh6 16. h4 Qe7 17. Nf4 Bxg5 18. hxg5 Rf5 19. g4 Rf7 20. Nd3 Raf8 21.
Rh3 Rf1 22. Rc1 Nb6 23. b3 Qa3 24. Rh1 R1f3 25. Qd2 Nd7 26. Qe2 Qe7 27. Qd2 c5
28. Qa5 c4 29. Nb2 Nb8 30. Qxa7 Nc6 31. Qb6 Ra8 32. Na4 Rf4 33. c3 Rxg4 34.
Rhg1 Re4 35. Rc2 cxb3 36. axb3 Ra6 37. Qc5 Qf7 38. Qd6 Rf4 39. Rgc1 Na5 40.
Qd8+ Qf8 41. Qxf8+ Rxf8 42. Nc5 Rb6 43. b4 Nc4 44. Ra2 Rf3 45. Ra8+ Kg7 46. Re8
Kf7 47. Rd8 Nd2+ 48. Ka1 Kg7 49. Rh1 Rf1+ 50. Rxf1 Nxf1 51. Rd7+ Kg8 52. Re7
Nd2 53. Nxe6 Ne4 54. Kb2 Rc6 55. Rg7+ Kh8 56. Re7 Kg8 57. Nf4 Rxc3 58. Nxd5 Rc4
59. Nf6+ Kf8 60. Re8+ Kf7 61. e6+ 1-0

[Event "España tch División de Honor 2013"]
[Site "Linares ESP"]
[Date "2013.09.10"]
[Round "3.31"]
[White "Almagro Llamas, Pablo"]
[Black "Giri, Anish"]
[Result "1/2-1/2"]
[WhiteElo "2477"]
[BlackElo "2737"]
[PlyCount "162"]
[EventDate "2013.09.08"]
[EventType "team-tourn"]
[EventRounds "7"]
[EventCountry "ESP"]
[Source "lmi"]
[SourceDate "2013.09.08"]

1. Nf3 d5 2. d4 Nf6 3. c4 c6 4. cxd5 cxd5 5. Nc3 Nc6 6. Bf4 Nh5 7. Bd2 e6 8. e3
Nf6 9. Rc1 Be7 10. Bd3 O-O 11. O-O b6 12. a3 Bb7 13. Qe2 Rc8 14. Ba6 Qc7 15.
Ne5 Qb8 16. f4 Na5 17. Bd3 Nb3 18. Rc2 Nxd2 19. Qxd2 Rc7 20. Rfc1 Rfc8 21. Qe2
g6 22. Nd1 Ne4 23. Rxc7 Rxc7 24. Rxc7 Qxc7 25. Bxe4 dxe4 26. Qb5 Kg7 27. Qc4
Qxc4 28. Nxc4 f6 29. Nc3 Ba6 30. Nd2 f5 31. Kf2 Bd3 32. g3 Kf7 33. Nb3 Ke8 34.
Ke1 Kd7 35. Nc1 Bc4 36. Kd2 Kc6 37. Kc2 b5 38. Nb3 Bd3+ 39. Kd2 b4 40. axb4
Bxb4 41. Kd1 h6 42. Na2 Be7 43. Kd2 Kb5 44. Nc5 Bxc5 45. dxc5 Bc4 46. c6 Kxc6
47. Nb4+ Kc5 48. Kc3 a6 49. Nc2 Bd3 50. Nd4 Kd6 51. h4 e5 52. fxe5+ Kxe5 53.
Kb4 g5 54. hxg5 hxg5 55. Kc5 Bb5 56. b3 f4 57. gxf4+ gxf4 58. exf4+ Kxf4 59.
Kb4 e3 60. Kc3 Ke4 61. Nc2 e2 62. Kd2 a5 63. Ne1 Ba6 64. Nc2 Bb5 65. Ne1 Kd4
66. Nc2+ Kc5 67. Ke3 Kd5 68. Kd2 Ba6 69. Ke3 Ke5 70. Kd2 Ke4 71. Ne1 Kf4 72.
Nc2 Ke5 73. Ke3 Kd5 74. Kd2 Kc5 75. Ke3 e1=Q+ 76. Nxe1 Kb4 77. Kd2 Kxb3 78. Kc1
a4 79. Kb1 Bb7 80. Ka1 Be4 81. Nd3 Bxd3 1/2-1/2

[Event "España tch División de Honor 2013"]
[Site "Linares ESP"]
[Date "2013.09.10"]
[Round "3.33"]
[White "Vachier-Lagrave, Maxime"]
[Black "Rubio Mejia, Luis Ignacio"]
[Result "1-0"]
[WhiteElo "2722"]
[BlackElo "2445"]
[PlyCount "80"]
[EventDate "2013.09.08"]
[EventType "team-tourn"]
[EventRounds "7"]
[EventCountry "ESP"]
[Source "lmi"]
[SourceDate "2013.09.08"]

1. d4 Nf6 2. Nf3 e6 3. c4 Bb4+ 4. Bd2 Qe7 5. Nc3 Bxc3 6. Bxc3 Ne4 7. Rc1 O-O 8.
g3 Nxc3 9. Rxc3 d6 10. Bg2 e5 11. O-O Nd7 12. Qb3 a5 13. Rfc1 exd4 14. Nxd4 Nc5
15. Qc2 c6 16. Rd1 Be6 17. Re3 Rfd8 18. Bh3 Qf6 19. Bf5 g6 20. Bxe6 fxe6 21.
Nb3 Nxb3 22. Rxb3 Rd7 23. Rf3 Qe5 24. Rdd3 Qg7 25. Rfe3 Qf6 26. Rf3 Qg7 27. e4
Qe5 28. Rfe3 Rad8 29. Qd2 Qc5 30. b3 d5 31. exd5 exd5 32. h4 Qb4 33. Qe2 Qf8
34. cxd5 cxd5 35. Re5 Qf6 36. Rf3 Qd6 37. Re6 Qb8 38. h5 gxh5 39. Rf5 Rg7 40.
Re7 Rxe7 1-0

[Event "España tch División de Honor 2013"]
[Site "Linares ESP"]
[Date "2013.09.10"]
[Round "3.34"]
[White "Martinez Martin, David"]
[Black "Edouard, Romain"]
[Result "1/2-1/2"]
[WhiteElo "2386"]
[BlackElo "2665"]
[PlyCount "80"]
[EventDate "2013.09.08"]
[EventType "team-tourn"]
[EventRounds "7"]
[EventCountry "ESP"]
[Source "lmi"]
[SourceDate "2013.09.08"]

1. Nf3 Nf6 2. c4 b6 3. g3 Bb7 4. Bg2 g6 5. d4 Bg7 6. Nc3 Ne4 7. Qc2 Nxc3 8.
Qxc3 c5 9. Be3 Nc6 10. O-O d6 11. Qd2 e5 12. dxe5 dxe5 13. Rfd1 Qe7 14. Bh6 Rd8
15. Qe3 O-O 16. Bxg7 Kxg7 17. Nxe5 Qxe5 18. Qxe5+ Nxe5 19. Bxb7 Nxc4 20. b3 Nb2
21. Rxd8 Rxd8 22. Ba6 Rd2 23. Rc1 Rd1+ 24. Rxd1 Nxd1 25. Kf1 f5 26. Ke1 Nc3 27.
a4 Kf6 28. Kd2 Ne4+ 29. Ke3 Nd6 30. f4 Ke6 31. Bc4+ Ke7 32. Bd5 Ne8 33. h3 Kd6
34. Bf3 Nf6 35. Kd3 a6 36. g4 b5 37. axb5 axb5 38. g5 Nd5 39. e3 Ne7 40. h4 Nd5
1/2-1/2

[Event "España tch División de Honor 2013"]
[Site "Linares ESP"]
[Date "2013.09.10"]
[Round "3.35"]
[White "Romero Holmes, Alfonso"]
[Black "Rudolf, Anna"]
[Result "1-0"]
[WhiteElo "2518"]
[BlackElo "2308"]
[PlyCount "57"]
[EventDate "2013.09.08"]
[EventType "team-tourn"]
[EventRounds "7"]
[EventCountry "ESP"]
[Source "lmi"]
[SourceDate "2013.09.08"]

1. e4 e6 2. Qe2 e5 3. f4 exf4 4. Nf3 g5 5. d4 Bg7 6. c3 g4 7. Ne5 Qh4+ 8. Kd1
d6 9. Nd3 f3 10. gxf3 gxf3 11. Qf2 Qxf2 12. Nxf2 f5 13. Rg1 Bf6 14. Bc4 Kf8 15.
Nd2 Bh4 16. Rf1 fxe4 17. Nfxe4 Nf6 18. Nxf6 Bxf6 19. Ne4 Bh3 20. Nxf6 Bxf1 21.
Bxf1 Kg7 22. Nh5+ Kg6 23. Nf4+ Kf5 24. Bh3+ Ke4 25. Bd2 Rg8 26. Kc2 f2 27. Rf1
Nc6 28. Rxf2 Rae8 29. Nh5 1-0

[Event "España tch División de Honor 2013"]
[Site "Linares ESP"]
[Date "2013.09.10"]
[Round "3.36"]
[White "Vazquez Torres, Adrian"]
[Black "Del Rio de Angelis, Salvador Gabriel"]
[Result "0-1"]
[WhiteElo "2185"]
[BlackElo "2499"]
[PlyCount "64"]
[EventDate "2013.09.08"]
[EventType "team-tourn"]
[EventRounds "7"]
[EventCountry "ESP"]
[Source "lmi"]
[SourceDate "2013.09.08"]

1. e4 e6 2. d4 d5 3. Nc3 Nf6 4. e5 Nfd7 5. f4 c5 6. Nf3 Nc6 7. Bd3 cxd4 8. Ne2
Bc5 9. O-O f6 10. Qe1 O-O 11. Qh4 g6 12. exf6 Nxf6 13. Ne5 Ne4 14. Qg4 Qc7 15.
Nf3 Qg7 16. Qh4 Bd7 17. a3 a6 18. b4 Ba7 19. Qe1 Rae8 20. a4 Nc3 21. b5 Nb4 22.
Ba3 Nxc2 23. Bxc2 d3+ 24. Ned4 Bxd4+ 25. Nxd4 Qxd4+ 26. Kh1 dxc2 27. Bb2 Rc8
28. Rf3 Qd1 29. Bxc3 Qxe1+ 30. Rxe1 axb5 31. axb5 Bxb5 32. Bd2 Ra8 0-1

[Event "España tch División de Honor 2013"]
[Site "Linares ESP"]
[Date "2013.09.10"]
[Round "3.41"]
[White "Bacrot, Etienne"]
[Black "Sargissian, Gabriel"]
[Result "1/2-1/2"]
[WhiteElo "2723"]
[BlackElo "2671"]
[PlyCount "46"]
[EventDate "2013.09.08"]
[EventType "team-tourn"]
[EventRounds "7"]
[EventCountry "ESP"]
[Source "lmi"]
[SourceDate "2013.09.08"]

1. e4 e5 2. Nf3 Nc6 3. Bb5 a6 4. Bxc6 dxc6 5. O-O Bg4 6. h3 h5 7. d3 Qf6 8.
Nbd2 Ne7 9. Nc4 Bxf3 10. Qxf3 Qxf3 11. gxf3 Ng6 12. Rd1 Be7 13. Kf1 f6 14. a4
b6 15. c3 c5 16. Ke2 Kf7 17. Be3 Rhd8 18. Rg1 Rd7 19. Rad1 Rad8 20. Rd2 Bf8 21.
Rdd1 Be7 22. Rd2 Bf8 23. Rdd1 Be7 1/2-1/2

[Event "España tch División de Honor 2013"]
[Site "Linares ESP"]
[Date "2013.09.10"]
[Round "3.42"]
[White "Svetushkin, Dmitry"]
[Black "Naiditsch, Arkadij"]
[Result "0-1"]
[WhiteElo "2614"]
[BlackElo "2710"]
[PlyCount "116"]
[EventDate "2013.09.08"]
[EventType "team-tourn"]
[EventRounds "7"]
[EventCountry "ESP"]
[Source "lmi"]
[SourceDate "2013.09.08"]

1. e4 e5 2. Nf3 Nc6 3. Bc4 Bc5 4. c3 Nf6 5. d4 exd4 6. e5 d5 7. Bb5 Ne4 8. cxd4
Bb6 9. Nc3 O-O 10. Be3 Bg4 11. h3 Bh5 12. O-O Nxc3 13. bxc3 Na5 14. g4 Bg6 15.
Bg5 Qc8 16. Nh4 c6 17. Bd3 Bxd3 18. Qxd3 Bd8 19. Bxd8 Qxd8 20. Nf5 Nc4 21. Ne3
Nxe3 22. Qxe3 f5 23. exf6 Qxf6 24. Rae1 Qg6 25. Qe6+ Qxe6 26. Rxe6 Rae8 27.
Rxe8 Rxe8 28. Rb1 b5 29. Kf1 Kf7 30. Re1 Rb8 31. f4 Rb6 32. f5 g6 33. Re6 gxf5
34. gxf5 c5 35. Re5 cxd4 36. cxd4 Rd6 37. a3 Kf6 38. h4 Rd7 39. Kf2 a5 40. Re6+
Kxf5 41. Rb6 Ke4 42. Rxb5 Ra7 43. Ke2 Kxd4 44. Kd2 Kc4 45. a4 Ra6 46. h5 Rh6
47. Rxa5 Rxh5 48. Ra8 Rh2+ 49. Ke1 d4 50. a5 Kd3 51. Rg8 Rh1+ 52. Kf2 Ra1 53.
Ra8 Kd2 54. a6 d3 55. Kf3 Ra4 56. Kg3 Kd1 57. Rd8 d2 58. Rd6 Ra1 0-1

[Event "España tch División de Honor 2013"]
[Site "Linares ESP"]
[Date "2013.09.10"]
[Round "3.43"]
[White "Van Wely, Loek"]
[Black "Perez Candelario, Manuel"]
[Result "1/2-1/2"]
[WhiteElo "2701"]
[BlackElo "2569"]
[PlyCount "73"]
[EventDate "2013.09.08"]
[EventType "team-tourn"]
[EventRounds "7"]
[EventCountry "ESP"]
[Source "lmi"]
[SourceDate "2013.09.08"]

1. d4 d5 2. c4 dxc4 3. e4 e5 4. Nf3 exd4 5. Bxc4 Nc6 6. O-O Be6 7. Bxe6 fxe6 8.
Qb3 Qd7 9. Qxb7 Rb8 10. Qa6 Nf6 11. Nbd2 Bd6 12. b3 O-O 13. Bb2 e5 14. Rac1 Rb6
15. Qe2 Kh8 16. Nc4 Rbb8 17. Ne1 Nd8 18. f4 exf4 19. e5 Re8 20. Nd3 Bf8 21.
Rxf4 Ne6 22. Rf5 Nd5 23. Rcf1 Kg8 24. Qf3 Rbd8 25. Nd6 Ne3 26. Nxe8 Qxe8 27.
Bc1 Nxf1 28. Qxf1 g6 29. Rf2 Qc6 30. Qd1 Bg7 31. Rc2 Qb5 32. Qf3 Rd5 33. Rf2
Qd7 34. h4 Bxe5 35. Bh6 Bg7 36. Bxg7 Rf5 37. Qa8+ 1/2-1/2